00926nam a2200253 i 4500001000300000100002200003245013300025260003900158300004900197504003600246650004900282655003000331710003300361020001500394040000800409041000700417080001800424920001800442942000700460008004100467999001700508856009800525952004900623bg1 aBOCHENEK, Andrzej10aElementy mechaniki pękania :bpodręcznik dla materiałoznawców.nCz. 1 /cAndrzej Bochenek ; Politechnika Częstochowska. aCzęstochowa :bWydaw. PC,c1998. a255 s. :brys., wykr. ;c24 cm +edyskietka. aBibliogr. przy rozdz. - Indeks. 9aWytrzymałość materiałówxzagadnienia aPodręczniki akademickie 0aPolitechnika Częstochowska a8371930216 cBPK0 apl a620.17(075.8) a83-7193-021-6 cKS s pl f |000 0 pol  c37835d37835 uhttp://koha.tu.koszalin.pl/cgi-bin/koha/opac-detail.pl?biblionumber=37835yKatalog online BPK 00104070aBPKbBPKcwo54241p01509076yKS